000 00978cam a2200301 a 4500
001 2948
005 20240126104653.0
020 _a0803728875
040 _aDLC
_cDLC
_dDLC
_beng
050 0 0 _aPZ7.V275
100 1 _aLeeuwen, Jean Van
245 1 0 _aAmanda Pig and the really hot day /
_cby Jean Van Leeuwen ; pictures by Ann Schweninger.
250 _aPublished in 2011
260 _aNew York :
_bPenguin Group ;
_c2005
300 _a48 pages :
_bcolor illustrations ;
_c24 cm.
490 _a Oliver and Amanda Pig
_vBook 3
500 _a"Level 2"--P. [4] of cover.
505 _aJ
520 _aAmanda Pig and her family and friends try to find different ways to beat the heat.
521 0 _a480
_bLexile
521 0 _aJ
_bRaz-Plus
650 1 _aPigs
_vFiction.
650 1 _aHeat
_vFiction.
650 1 _aFamily life
_vFiction.
700 1 _aSchweninger, Ann
_eillustrator
906 _a7
_bcbc
_corignew
_d1
_eecip
_f20
_gy-gencatlg
942 _2ddc
_cBK
_n0
999 _c2948
_d2948